00485nam a2200145Ia 4500008004100000100001400041245005000055245002800105260002200133260000900155650002200164856006100186999001900247952007300266160216s9999 xx 000 0 und d aGrant, W. aConsequences of the Global Financial Crisis / cW. Grant & G.K. Wilson. bOxford University c2012 xFinancial crisis. uhttp://www.oapen.org/download?type=document&docid=453476 c290602d290602 001040aCLbCLd2016-02-16l0r2016-02-16 00:00:00w2016-02-16yCBE